[Event "HCL-C3995"]
[Site "www.playchess.de"]
[Date "2006.02.23"]
[Round "19"]
[White "Idris"]
[Black "Doc"]
[WhiteElo "895"]
[BlackElo "1090"]
[PlyCount "55"]
[Result "1-0"]

1.e4 e5 2.Nf3 Nc6 3.Bd3 Bc5 4.Qe2 Nf6 5.Nc3 d6 
6.b3 Ng4 7.Nd1 O-O 8.O-O Be6 9.Bb2 a6 10.Ng5 Qxg5 
11.Bc4 Rae8 12.h3 Nf6 13.Bc1 Bxh3 14.Qf3 Bg4 
15.Qd3 Be2 16.Qxe2 Nd4 17.Qd3 Qh5 18.Ne3 Nxe4 
19.Qxe4 d5 20.Nxd5 Re6 21.d3 Ne2+ 22.Qxe2 Bd6 
23.Qxh5 e4 24.dxe4 Rxe4 25.Bd3 g6 26.Qh6 Re5 
27.Nf6+ Kh8 {Nice game!}  28.Qxh7+ {It was thanks. 
All the best.}  1-0

[Event "HCL-M891"]
[Site "www.playchess.de"]
[Date "2006.02.23"]
[Round "2"]
[White "suffix"]
[Black "anne_t"]
[WhiteElo "2162"]
[BlackElo "1989"]
[PlyCount "53"]
[Result "1-0"]

1.d4 {Hi again !}  Nf6 {Hey tough guy!}  2.Bf4 d5 
3.e3 e6 4.c3 c5 5.Bd3 Nc6 6.Nf3 Bd6 7.Bg3 O-O 
8.Nbd2 Qe7 9.Ne5 Bxe5 10.dxe5 Nd7 11.f4 c4 12.Bc2 
b5 13.a3 a5 14.Nf3 f6 15.Nd4 Ncxe5 16.fxe5 fxe5 
17.Nxb5 Qc5 18.a4 Ba6 19.Qe2 Bxb5 20.axb5 e4 
21.Bf4 Qxb5 22.Ba4 Qb7 23.Bxd7 Qxd7 24.O-O Rf5 
25.Bg3 Raf8 26.Rxf5 Rxf5 27.Rxa5 1-0

[Event "HCL-A2589"]
[Site "www.playchess.de"]
[Date "2006.02.23"]
[Round "9"]
[White "Widukind"]
[Black "zemljanin"]
[WhiteElo "1800"]
[BlackElo "1531"]
[PlyCount "81"]
[Result "1-0"]

1.d4 d5 2.Nf3 Nf6 3.e3 Bg4 4.c4 e6 5.Qb3 dxc4 
6.Qxb7 Bxf3 7.Qxf3 Qd5 8.Nd2 Bb4 9.a3 Ba5 10.Bxc4 
Qxf3 11.gxf3 c6 12.b4 Bc7 13.Nb3 Nbd7 14.Bb2 Nb6 
{hi adam, thanks for your words but I must admit I 
was surprised too, maybe he resigned cause I said 
to him"hi karpov" so he thought that I'm russian 
and very good in chess so I will destroy him on 
the board :-)}  15.Ba6 Na4 {seems that you are in 
beter position}  16.Bb7 {I think 3. .. Bg4 is bad 
against Colle-System}  Nxb2 {i do not know 
anything about oppenings, I just play from a 
feeling, maybe I should learn more chess but there 
is never time for it...anyway, it's just a 
game...}  17.Bxa8 Kd7 {and you, are you active in 
chess playing?}  18.Nc5+ {yes I am, I'm training 
our youth (with my son, he is 14 jears now)}  Kd6 
19.Bb7 Nc4 20.Ke2 h6 21.Rhc1 Nb6 22.Na6 Bb8 
23.Bxc6 Ke7 24.f4 Bd6 25.Nc5 g5 26.h3 gxf4 27.e4 
e5 28.Nd3 Nfd7 29.Bxd7 Nxd7 30.dxe5 Nxe5 31.Nxf4 
Nd7 32.Nd5+ Ke6 33.f4 {ooo, I feel good...!}  f5 
{i knew you would...}  34.Nc7+ Kf7 35.Rcd1 Ke7 
36.Nd5+ Ke6 37.e5 Bb8 38.Rac1 Nxe5 39.fxe5 Bxe5 
40.Rc6+ Kf7 41.Ne3 1-0

[Event "HCL-A2608"]
[Site "www.playchess.de"]
[Date "2006.02.23"]
[Round "35"]
[White "Wernswig"]
[Black "Snillie"]
[WhiteElo "1345"]
[BlackElo "1466"]
[PlyCount "30"]
[Result "0-1"]

1.e4 {hi, good luck}  d6 2.f4 Nf6 3.Nc3 g6 4.Nf3 
Bg7 5.Bc4 O-O 6.O-O Nxe4 7.Bxf7+ Rxf7 8.Nxe4 h6 
9.d3 Nc6 10.Nh4 Kh7 11.Qd2 e5 12.g3 exf4 13.Ng2 f3 
14.Nh4 Bg4 15.Qe3 Bd4 0-1

[Event "HCL-A2606"]
[Site "www.playchess.de"]
[Date "2006.02.23"]
[Round "7"]
[White "Wernswig"]
[Black "Nulnulnix"]
[WhiteElo "1362"]
[BlackElo "1323"]
[PlyCount "65"]
[Result "1-0"]

1.e4 {hi, viel glück}  e5 {Hallo und viel Spaß. 
Möge diesmal jemand gewinnen !}  2.f4 {schauen wir 
mal}  exf4 3.Nf3 Nc6 4.Bc4 Bc5 5.d4 Nxd4 6.Bxf7+ 
Kxf7 7.Nxd4 Qh4+ 8.Ke2 Qg4+ 9.Kf2 Nf6 10.Nc3 Re8 
11.Re1 d6 12.Kf1 Bxd4 13.Qxd4 Kf8 14.Qf2 b6 
15.Bxf4 Ba6+ 16.Kg1 Kg8 17.Re3 Re7 18.Rg3 Qe6 
19.Re1 Rae8 20.Bg5 Kh8 21.Bxf6 gxf6 22.Nd5 Rf7 
23.Qd4 c5 24.Qc3 Bb7 25.Nf4 Qxa2 26.Nh3 Rff8 
27.Ng5 d5 28.Nxh7 d4 29.Qf3 Qf7 30.Nxf6 Re7 
31.Rh3+ Kg7 32.Rh7+ Kg6 33.Qf5+ 1-0

[Event "HCL-A2569"]
[Site "www.playchess.de"]
[Date "2006.02.23"]
[Round "9"]
[White "vega3"]
[Black "Maahinen"]
[WhiteElo "1443"]
[BlackElo "1691"]
[PlyCount "54"]
[Result "0-1"]

1.e4 c6 2.d4 d5 3.Nc3 dxe4 4.Nxe4 Bf5 5.Ng3 Bg6 
6.Nf3 Nd7 7.Bc4 e6 8.O-O Ngf6 9.Bg5 Be7 10.Re1 O-O 
11.Ne5 Nxe5 12.dxe5 Nd5 13.Bxd5 Bxg5 14.Bb3 Bd2 
15.Re2 Bf4 16.Qe1 Qc7 17.Nf1 Rad8 18.g3 Bg5 19.Ne3 
Bh5 20.Rd2 Rxd2 21.Qxd2 Qxe5 22.Re1 Qxb2 23.Qd7 
Qc3 24.Ng2 Bf3 25.Rf1 c5 26.Qd3 Qxd3 27.cxd3 
Be2 0-1

[Event "HCL-A2568"]
[Site "www.playchess.de"]
[Date "2006.02.23"]
[Round "7"]
[White "cabe"]
[Black "golem"]
[WhiteElo "1438"]
[BlackElo "1600"]
[PlyCount "27"]
[Result "1-0"]

1.e4 {Hello from Amsterdam. Have a nice game!}  e5 
{Hi, best regards from Slovakia!}  2.Nf3 Nc6 3.Bc4 
Nf6 4.O-O Nxe4 5.d3 d5 6.Bb5 Nf6 7.Nxe5 Bd7 8.Nxc6 
Bxc6 9.Bxc6+ bxc6 10.Bg5 Be7 11.Re1 O-O 12.Nc3 Re8 
13.Qf3 Qd6 14.Qf5 1-0

[Event "HCL-A2535"]
[Site "www.playchess.de"]
[Date "2006.02.23"]
[Round "3"]
[White "Chris"]
[Black "yannick"]
[WhiteElo "1615"]
[BlackElo "1584"]
[PlyCount "109"]
[Result "1/2-1/2"]

1.d4 d5 2.Bf4 Nf6 3.e3 Bf5 4.Nf3 e6 5.Be2 Bb4+ 
6.c3 Be7 7.Nbd2 Nc6 8.h3 O-O 9.O-O Bd6 10.Ne5 Qe7 
11.Ndf3 Kh8 12.Bd3 Be4 13.Nxc6 bxc6 14.Ne5 c5 
15.f3 Bxd3 16.Nxd3 Bxf4 17.Nxf4 cxd4 18.exd4 c5 
19.Re1 Rac8 20.dxc5 Qxc5+ 21.Kh1 Qb6 22.Qe2 Rc4 
23.Nd3 Rc7 24.Ne5 Nh5 25.Qd2 f6 26.Nd3 Rb8 27.g4 
Ng3+ 28.Kg2 Qd6 29.Nf4 Re7 30.Kxg3 g5 31.b3 gxf4+ 
32.Qxf4 Qxf4+ 33.Kxf4 Kg7 34.Rad1 Kf7 35.Kg3 Rc7 
36.Rd3 Rbc8 37.Ree3 Rg8 38.Kf2 h5 39.Ke2 Rg6 
40.Kd2 hxg4 41.hxg4 Rh6 42.Re2 Rh3 43.f4 Rh4 
44.Rg2 Rh1 45.Kc2 Kg6 46.f5+ exf5 47.gxf5+ Kxf5 
48.Rxd5+ Ke4 49.Rd4+ Kf3 50.Rgd2 Rc5 51.R4d3+ Ke4 
52.Rf2 Ra1 53.Rd4+ Ke3 54.Rxf6 Rxa2+ 55.Kb1 
{(offering draw)}  1/2-1/2

[Event "HCL-E1582"]
[Site "www.playchess.de"]
[Date "2006.02.23"]
[Round "20"]
[White "yannick"]
[Black "Tarrega"]
[WhiteElo "1554"]
[BlackElo "1701"]
[PlyCount "54"]
[Result "0-1"]

1.e4 {hi again enjoy this game good tournament}  
e6 {Good to see you again.  The best to ya}  2.d4 
d5 3.Nc3 Bb4 4.a3 Bxc3+ 5.bxc3 dxe4 6.Qg4 Nf6 
7.Qxg7 Rg8 8.Qh6 Nbd7 9.f3 c5 10.fxe4 cxd4 11.cxd4 
Nxe4 12.Nf3 Qa5+ 13.Bd2 Nxd2 14.Qxd2 Qh5 15.Bd3 
Nf6 16.Rb1 b6 17.O-O Bb7 18.Bb5+ Kf8 19.Qb4+ Kg7 
20.c4 Kh8 21.Qe7 Rxg2+ 22.Kxg2 Rg8+ 23.Kf2 Qxf3+ 
24.Ke1 Qe3+ 25.Kd1 Bf3+ 26.Rxf3 Rg1+ 27.Kc2 
Rg2+ 0-1

[Event "HCL-C4154"]
[Site "www.playchess.de"]
[Date "2006.02.23"]
[Round "5"]
[White "Skipper_Robert"]
[Black "Grunert"]
[WhiteElo "999"]
[BlackElo "1012"]
[PlyCount "47"]
[Result "1-0"]

1.d4 d5 2.Nc3 e6 3.e3 Nc6 4.Bb5 Bd7 5.Nf3 h6 6.a3 
Nf6 7.h3 a6 8.Bxc6 Bxc6 9.Ne5 Bd6 10.f4 Bxe5 
11.dxe5 Ne4 12.Nxe4 dxe4 13.Bd2 O-O 14.Qg4 Qd7 
15.Bb4 Rfe8 16.O-O Ref8 17.Bxf8 Kxf8 18.f5 exf5 
19.Rxf5 Qd2 20.Qh5 Be8 21.Raf1 Qxe3+ 22.Kh1 Rd8 
23.R5xf7+ Bxf7 24.Qxf7+ 1-0

[Event "HCL-A2554"]
[Site "www.playchess.de"]
[Date "2006.02.23"]
[Round "4"]
[White "Wernswig"]
[Black "freno"]
[WhiteElo "1416"]
[BlackElo "1577"]
[PlyCount "150"]
[Result "0-1"]

1.e4 {hi, happy new year and good luck}  c6 {hello 
from Paris, happy year 2006}  2.Nf3 d5 3.Nc3 Bg4 
4.exd5 cxd5 5.d4 e6 6.Bf4 Bd6 7.Bg3 Nc6 8.Qe2 Nxd4 
9.Qd3 Nc6 10.O-O-O Bxg3 11.hxg3 Qb6 12.a3 Nf6 
13.Rd2 Bxf3 14.gxf3 a6 15.Na4 Qc7 16.Bh3 O-O-O 
17.Nc5 Kb8 18.Qb3 Ka8 19.Bf1 Nd7 20.Na4 h6 21.f4 
Na5 22.Qb4 Nc6 23.Qc3 Qa5 24.Qxa5 Nxa5 25.Bg2 Ka7 
26.Rhd1 Rdc8 27.Kb1 Nc4 28.R2d3 g6 29.Ka2 h5 30.b3 
Ncb6 31.Nc3 h4 32.Bf3 Nf6 33.Ne2 hxg3 34.fxg3 
Rxc2+ 35.Kb1 Rhc8 36.Rc1 R2xc1+ 37.Nxc1 Nbd7 38.g4 
Kb8 39.Kb2 Nc5 40.Rc3 Nce4 41.Re3 Nd2 42.Nd3 Nxf3 
43.g5 Ne4 44.Rxf3 Rf8 45.Ne5 Kc7 46.Kc2 f6 47.Nxg6 
Rf7 48.Ne5 fxe5 49.g6 Rg7 50.f5 exf5 51.Rxf5 Kd6 
52.Kd3 Rxg6 53.Rf7 a5 54.Ke3 Rg3+ 55.Rf3 Rxf3+ 
56.Kxf3 b5 57.b4 axb4 58.axb4 Nc3 59.Ke3 Na2 
60.Kd3 Nxb4+ 61.Kc3 Kc5 62.Kb3 d4 63.Kb2 Kc4 
64.Kc1 e4 65.Kd1 Kc3 66.Kc1 e3 67.Kd1 d3 68.Ke1 
d2+ 69.Kd1 Nd5 70.Ke2 Kc2 71.Kf1 d1Q+ 72.Kg2 e2 
73.Kg3 e1Q+ 74.Kg2 Nf4+ 75.Kh2 
Qde2+ 0-1

[Event "HCL-A2586"]
[Site "www.playchess.de"]
[Date "2006.02.23"]
[Round "22"]
[White "victorabiodun03"]
[Black "RUDI"]
[WhiteElo "1357"]
[BlackElo "1258"]
[PlyCount "67"]
[Result "1/2-1/2"]

1.e4 e5 2.Nf3 Nc6 3.d4 d6 4.dxe5 Nxe5 5.Nxe5 dxe5 
6.Nc3 Qxd1+ 7.Nxd1 Nf6 8.Bd3 Be6 9.O-O Bc5 10.Be3 
Bxe3 11.Nxe3 O-O-O 12.Rad1 Nd7 13.Bc4 Bxc4 14.Nxc4 
f6 15.Rd5 c6 16.Rd3 Nc5 17.Rxd8+ Rxd8 18.f3 h6 
19.Re1 Ne6 20.Kf2 Kc7 21.Re2 Nd4 22.Rd2 b5 23.Ne3 
Ne6 24.Rxd8 Kxd8 25.Nf5 h5 26.c3 g6 27.Nh4 g5 
28.Nf5 h4 29.g3 hxg3+ 30.hxg3 Kd7 31.b4 a6 32.Ke3 
Kc7 {(offering draw)}  33.Kd3 c5 34.a3 {(offering 
draw) you are right it looks drawn unless you want 
to force the issue}  1/2-1/2

[Event "HCL-C4030"]
[Site "www.playchess.de"]
[Date "2006.02.23"]
[Round "19"]
[White "Farquhart"]
[Black "Grunert"]
[WhiteElo "442"]
[BlackElo "909"]
[PlyCount "38"]
[Result "0-1"]

1.e4 e5 2.d3 d6 3.Nf3 Nc6 4.Nc3 Nf6 5.Be3 g6 6.Ng5 
h6 7.Nf3 d5 8.d4 dxe4 9.Nd2 exd4 10.Bb5 dxc3 
11.bxc3 Bd7 12.h4 a6 13.Bc4 Bg7 14.Nxe4 Nxe4 
15.Qd5 Bxc3+ 16.Bd2 Bxd2+ 17.Kd1 Nxf2+ 18.Ke2 Bc3 
19.Rad1 Nxd1 0-1

[Event "HCL-E1489"]
[Site "www.playchess.de"]
[Date "2006.02.23"]
[Round "13"]
[White "carlosmadeira"]
[Black "meteoro"]
[WhiteElo "1558"]
[BlackElo "1511"]
[PlyCount "79"]
[Result "1-0"]

1.d4 d5 {buena suerte}  2.c4 {Obrigado! para voce 
também}  e6 3.e3 Bb4+ 4.Nc3 Nf6 5.Qb3 Nc6 6.Nf3 
O-O 7.Nd2 b6 8.Bd3 Bb7 9.O-O a6 10.cxd5 Nxd5 11.a3 
Be7 12.Be4 Nf6 13.Bf3 Na5 14.Qd1 Rb8 15.Bxb7 Nxb7 
16.Nc4 Nd6 17.Ne5 Qe8 18.Qf3 c5 19.Nc6 Rc8 20.Ne5 
Nd7 21.Nxd7 Qxd7 22.dxc5 Rxc5 23.Rd1 Rf5 24.Qe2 
Qb7 25.e4 Rc5 26.Bf4 Nb5 27.Nxb5 Rxb5 28.Rab1 Rc5 
29.Bd6 Bxd6 30.Rxd6 Rfc8 31.g3 g6 32.Qe3 Qc7 
33.Rbd1 Rc6 34.e5 Rxd6 35.exd6 Qc2 36.Rd2 Qc1+ 
37.Kg2 Rc2 38.Rxc2 Qxc2 39.Qxb6 Qe4+ 
40.Kf1 1-0

[Event "HCL-E1569"]
[Site "www.playchess.de"]
[Date "2006.02.23"]
[Round "33"]
[White "carlosmadeira"]
[Black "Wernswig"]
[WhiteElo "1556"]
[BlackElo "1372"]
[PlyCount "69"]
[Result "1-0"]

1.d4 d5 {hi,have a nice game}  2.c4 c6 3.e3 Bf5 
4.Nc3 e6 5.Qb3 b6 6.Nf3 Nf6 7.Be2 Be7 8.O-O O-O 
9.h3 Nbd7 10.Nh4 Bg6 11.Nxg6 hxg6 12.Bf3 Qc7 
13.Bd2 Rab8 14.Rac1 Qd6 15.cxd5 exd5 16.a3 Bd8 
17.Na2 Bc7 18.g3 Nh5 19.Bxh5 gxh5 20.Nb4 c5 
21.Nxd5 h4 22.Nxc7 hxg3 23.Nb5 gxf2+ 24.Rxf2 Qg3+ 
25.Rg2 Qxh3 26.Rf1 Nf6 27.Rxf6 a6 28.Nd6 Qxg2+ 
29.Kxg2 gxf6 30.Nf5 Kh7 31.Qd1 Rfg8+ 32.Kf2 Rg5 
33.Qh1+ Kg6 34.e4 Rh5 35.Ne7+ 1-0

[Event "HCL-A2604"]
[Site "www.playchess.de"]
[Date "2006.02.23"]
[Round "4"]
[White "dynamike"]
[Black "Sobral"]
[WhiteElo "1457"]
[BlackElo "1438"]
[PlyCount "52"]
[Result "0-1"]

1.e4 c5 2.Nf3 Nc6 3.d4 cxd4 4.Nxd4 Nf6 5.Nc3 d6 
6.h3 g6 7.f4 Nxd4 8.Qxd4 Bg7 9.Qd1 Qb6 10.Qf3 O-O 
11.Be2 Bd7 12.Rb1 Bc6 13.Be3 Qc7 14.O-O Nxe4 
15.Qg4 f5 16.Qh4 Bxc3 17.bxc3 Nxc3 18.Rbe1 Nxe2+ 
19.Rxe2 Bb5 20.Ref2 Bxf1 21.Rxf1 Qc3 22.Qf2 a6 
23.Bd4 Qc4 24.c3 Rae8 25.Rb1 e5 26.fxe5 
dxe5 0-1

[Event "HCL-B3857"]
[Site "www.playchess.de"]
[Date "2006.02.23"]
[Round "5"]
[White "Rale"]
[Black "googleforu"]
[WhiteElo "1902"]
[BlackElo "1187"]
[PlyCount "55"]
[Result "1-0"]

1.e4 e5 2.Nf3 Nc6 3.Bb5 d6 4.d4 Bd7 5.d5 Nd4 
6.Nxd4 exd4 7.Bxd7+ Qxd7 8.Qxd4 Qb5 9.Nc3 Qc5 
10.Qxc5 dxc5 11.Nb5 Kd7 12.c4 Bd6 13.f4 c6 14.Nxd6 
Kxd6 15.e5+ Kd7 16.Be3 b6 17.O-O Ne7 18.Rad1 cxd5 
19.cxd5 Rad8 20.f5 Kc8 21.d6 Nc6 22.e6 fxe6 
23.fxe6 a5 24.Rf7 Rhf8 25.Rc7+ Kb8 26.Rxc6 Rf6 
27.e7 Re8 28.d7 1-0

[Event "HCL-A2593"]
[Site "www.playchess.de"]
[Date "2006.02.23"]
[Round "5"]
[White "Kannsnich"]
[Black "foinaven"]
[WhiteElo "1323"]
[BlackElo "1426"]
[PlyCount "76"]
[Result "0-1"]

1.c4 Nf6 2.Nc3 e6 3.e4 d5 4.e5 d4 5.exf6 dxc3 
6.bxc3 Qxf6 7.Nf3 Bd6 8.d4 h6 9.Be2 O-O 10.O-O b6 
11.Bb2 Nc6 12.Nd2 Bb7 13.Bf3 Rfe8 14.Ne4 Qe7 
15.Nxd6 Qxd6 16.Re1 Rad8 17.d5 Ne5 18.Be4 Nxc4 
19.Bc1 Bxd5 20.Bxd5 exd5 21.Rxe8+ Rxe8 22.Bd2 Nxd2 
23.Qxd2 c5 24.Re1 Rxe1+ 25.Qxe1 Qe6 26.Qd2 Qf6 
27.f3 Qe6 28.Kf2 Kf8 29.Qd3 d4 30.cxd4 Qxa2+ 
31.Kg3 c4 32.Qe4 c3 33.Qa8+ Ke7 34.Qe4+ Qe6 
35.Qb7+ Kf6 36.Qxa7 Qd6+ 37.Kf2 Qxd4+ 38.Kg3 
c2 0-1

[Event "HCL-E1581"]
[Site "www.playchess.de"]
[Date "2006.02.23"]
[Round "1"]
[White "ippuli"]
[Black "pawnstorm"]
[WhiteElo "1608"]
[BlackElo "1523"]
[PlyCount "40"]
[Result "1/2-1/2"]

1.e4 {Hi!}  e5 {Hello}  2.d4 exd4 3.c3 dxc3 4.Bc4 
d6 5.Nf3 Nc6 6.Qb3 Qf6 7.Bg5 Qg6 8.Nxc3 Be7 9.Bxe7 
Ngxe7 10.O-O O-O 11.Bd3 Ne5 12.Nxe5 dxe5 13.f3 
Qb6+ 14.Qxb6 axb6 15.Nb5 c6 16.Nd6 Be6 17.Bc4 Bxc4 
18.Nxc4 Ng6 19.Nxb6 Rad8 20.Rad1 f6 {(offering 
draw)}  1/2-1/2

[Event "HCL-M878"]
[Site "www.playchess.de"]
[Date "2006.02.23"]
[Round "3"]
[White "steinzell"]
[Black "Duffy"]
[WhiteElo "1759"]
[BlackElo "1580"]
[PlyCount "91"]
[Result "1-0"]

1.Nf3 {good luck}  d5 {Thanks, you too}  2.d4 e6 
3.c4 c5 4.cxd5 exd5 5.g3 Nc6 6.Bg2 Nf6 7.O-O Be7 
8.Nc3 O-O 9.dxc5 Bxc5 10.Bg5 d4 11.Bxf6 Qxf6 
12.Nd5 Qd8 13.Nd2 Re8 14.Rc1 Bb6 15.Nb3 Bg4 16.Re1 
Rc8 17.Nxb6 Qxb6 18.Qd2 Red8 19.Nc5 h6 20.Nd3 Rde8 
21.b3 Re7 22.h3 Bf5 23.Kh2 Be4 24.Bxe4 Rxe4 25.Nc5 
Re7 26.Na4 Qd8 27.Nb2 Ne5 28.Rxc8 Qxc8 29.Rd1 d3 
30.Nxd3 Rd7 31.Qe3 Nxd3 32.Rxd3 Rxd3 33.Qxd3 a6 
34.e4 Qc5 35.Kg2 b5 36.a4 bxa4 37.bxa4 Qc6 38.a5 
f5 39.Qd5+ Qxd5 40.exd5 Kf7 41.g4 Ke7 42.Kf3 Kd6 
43.Kf4 g5+ 44.Kxf5 Kxd5 45.Kg6 Ke5 
46.Kxh6 1-0

[Event "HCL-A2542"]
[Site "www.playchess.de"]
[Date "2006.02.23"]
[Round "11"]
[White "carbug"]
[Black "ippuli"]
[WhiteElo "1530"]
[BlackElo "1637"]
[PlyCount "75"]
[Result "1-0"]

1.e4 {Good game to you ippuli}  e5 {Good game to 
you, Stan! :-))}  2.Bc4 Nf6 3.d3 d5 4.exd5 Nxd5 
5.Nf3 Nc6 6.O-O Be6 7.Re1 Bc5 8.Nxe5 Bxf2+ 9.Kxf2 
Nxe5 10.Qe2 Nxc4 11.dxc4 Nb6 12.Nc3 O-O 13.c5 Qh4+ 
14.Kg1 Nd7 15.Be3 Rfe8 16.Rad1 Bg4 17.Qc4 Ne5 
18.Qa4 Qh5 19.Rd4 Re6 20.Rf1 Ra6 21.Qb5 Rg6 
22.Qxb7 Rf8 23.Rdf4 Bh3 24.R1f2 Ng4 25.R4f5 {A 
most interesting Chess problem here.}  Qh4 {Yes!}  
26.R5f4 Qe7 27.Nd5 Qe6 28.Re2 Nxe3 29.Rxe3 Bxg2 
30.Rxe6 Bxd5+ 31.Rxg6 Bxb7 32.Rg3 Rd8 33.Rd3 Re8 
34.Rd7 Re1+ 35.Kf2 Re8 36.Rfxf7 Be4 37.Rfxg7+ Kh8 
38.c3 1-0

[Event "HCL-B3881"]
[Site "www.playchess.de"]
[Date "2006.02.23"]
[Round "3"]
[White "pytolo98"]
[Black "RUDI"]
[WhiteElo "1173"]
[BlackElo "1234"]
[PlyCount "55"]
[Result "1-0"]

1.e4 {hi good luck}  e5 {same to you my friend}  
2.Nf3 Nc6 3.Bb5 Bd6 4.Bxc6 dxc6 5.h3 Nf6 6.d3 O-O 
7.Bg5 Qe7 8.O-O Qe6 9.Nbd2 b5 10.c4 g6 11.Bh6 Rd8 
12.Ng5 Qe8 13.Qf3 Qe7 14.b3 Bb4 15.Nb1 Kh8 16.a3 
Ba5 17.b4 Bb6 18.c5 Bxc5 19.bxc5 Be6 20.Rc1 Rd4 
21.Nd2 Rad8 22.Rc3 a5 23.Qg3 Nd7 24.Ndf3 Nf6 
25.Nxd4 Rxd4 26.Qxe5 Qd8 27.Nxe6 fxe6 
28.f4 1-0

[Event "HCL-A2560"]
[Site "www.playchess.de"]
[Date "2006.02.23"]
[Round "8"]
[White "longbow37"]
[Black "RUDI"]
[WhiteElo "1097"]
[BlackElo "1246"]
[PlyCount "148"]
[Result "0-1"]

1.Nf3 d5 2.b4 Nf6 3.d4 e6 4.c3 Bd6 5.Nbd2 O-O 
6.Ng5 b6 7.h3 Nbd7 8.Bb2 e5 9.dxe5 Bxe5 10.Ndf3 
Bb7 11.Qc2 g6 12.Nxe5 Nxe5 13.e3 Nc4 14.Bxc4 dxc4 
15.Rd1 Qe7 16.O-O Rfd8 17.Rxd8+ Rxd8 18.a4 Nh5 
19.g4 Nf6 20.Qe2 Bd5 21.Rd1 Ne4 22.Nxe4 Qxe4 23.f3 
Qe7 24.e4 Be6 25.a5 bxa5 26.bxa5 c5 27.h4 Rxd1+ 
28.Qxd1 Qxh4 29.Qd2 h5 30.Qh2 Qe1+ 31.Kg2 Qe2+ 
32.Kg3 Qxh2+ 33.Kxh2 hxg4 34.Kg3 gxf3 35.Kxf3 Kg7 
36.Ba3 Kf6 37.Bxc5 a6 38.Kf4 g5+ 39.Kf3 {(offering 
draw)}  Ke5 40.Be3 f6 41.Bd2 Bf7 42.Be3 Bh5+ 
43.Kg3 Kxe4 44.Bc5 f5 45.Be7 f4+ 46.Kf2 g4 47.Kg2 
Ke3 48.Bc5+ Ke2 49.Bd4 Bf7 50.Bc5 Bd5+ 51.Kh2 Kf3 
52.Bd6 g3+ 53.Kh1 Kg4+ 54.Kg1 f3 55.Be5 Kh3 56.Bf4 
Be4 57.Be3 Bd3 58.Bd4 {(offering draw)}  Be2 
59.Be3 Kg4 60.Bc5 Kf4 61.Bb6 Ke4 62.Bc5 Kd3 63.Bd4 
f2+ 64.Bxf2 gxf2+ 65.Kxf2 Bd1 66.Ke1 Bb3 67.Kf2 
Kxc3 68.Ke3 Kb2 {it`s been a long game}  69.Kd4 c3 
70.Kc5 c2 71.Kb6 c1Q 72.Kxa6 Qc6+ 73.Ka7 Bd5 
74.Kb8 Qb7+ 0-1

[Event "HCL-B3859"]
[Site "www.playchess.de"]
[Date "2006.02.23"]
[Round "9"]
[White "Snillie"]
[Black "unclcarle"]
[WhiteElo "1504"]
[BlackElo "1057"]
[PlyCount "55"]
[Result "1-0"]

1.c4 e5 {Greetings from NYC.  Have a great game.}  
2.g3 d5 3.cxd5 Qxd5 4.Nf3 e4 5.Nc3 Qc6 6.Nd4 Qf6 
7.Nb3 Bf5 8.Bg2 Bb4 9.O-O Bxc3 10.bxc3 Nc6 11.Nc5 
Na5 12.Qa4+ Nc6 13.Nxe4 Nge7 14.Nxf6+ Kd8 15.Nd5 
Nxd5 16.Bxd5 f6 17.Ba3 Re8 18.e4 Bh3 19.Rfe1 Kd7 
20.Rab1 Rab8 21.d4 Be6 22.Bxe6+ Rxe6 23.d5 Ree8 
24.dxc6+ bxc6 25.Rxb8 Rxb8 26.Rd1+ Ke6 27.Qxc6+ 
Kf7 28.Qxc7+ 1-0

[Event "HCL-C4165"]
[Site "www.playchess.de"]
[Date "2006.02.23"]
[Round "7"]
[White "Skipper_Robert"]
[Black "Doris"]
[WhiteElo "987"]
[BlackElo "545"]
[PlyCount "61"]
[Result "1-0"]

1.e4 e5 2.Nf3 Bd6 3.d4 Qe7 4.Nc3 Nc6 5.Bc4 Nf6 
6.d5 Na5 7.b3 Bb4 8.Bd2 d6 9.O-O O-O 10.h3 Bc5 
11.Ne2 Nxc4 12.bxc4 Nxe4 13.Be3 Bb4 14.c3 Ba5 
15.Qc2 Bb6 16.Qxe4 f5 17.Qc2 c5 18.Bg5 Qc7 19.Ng3 
f4 20.Nh5 g6 21.Nf6+ Kh8 22.h4 Qf7 23.g4 Bxg4 
24.Qd3 Bd8 25.Ne4 Bf5 26.Qe2 Bg4 27.Nxd6 Qc7 
28.Qxe5+ Kg8 29.Bh6 Rf7 30.Qe8+ Rf8 
31.Qxf8+ 1-0

[Event "HCL-E1561"]
[Site "www.playchess.de"]
[Date "2006.02.23"]
[Round "19"]
[White "mrchess"]
[Black "Vinci"]
[WhiteElo "1418"]
[BlackElo "1561"]
[PlyCount "54"]
[Result "0-1"]

1.d4 {good luck}  Nf6 {nice game}  2.c4 b6 3.Nc3 
Bb7 4.e3 e6 5.Nf3 d5 6.Bd3 c5 7.O-O Nc6 8.Qa4 Bd6 
9.cxd5 Nxd5 10.Nxd5 exd5 11.Bb5 Qc7 12.Bd2 O-O 
13.Rac1 a6 14.Bxc6 Bxc6 15.Qc2 c4 16.g3 b5 17.Ng5 
g6 18.Rce1 Rae8 19.a3 Bd7 20.f4 Bf5 21.Qc3 Bd3 
22.Rf2 Reb8 23.Qa5 Qc6 24.Nf3 Bc7 25.Qc3 Be4 
26.Ne5 Qe6 27.Qc2 Bxc2 {what funny move was 
this??}  0-1

[Event "HCL-E1586"]
[Site "www.playchess.de"]
[Date "2006.02.23"]
[Round "6"]
[White "Chas"]
[Black "alldrix"]
[WhiteElo "1526"]
[BlackElo "1626"]
[PlyCount "112"]
[Result "0-1"]

1.e4 e6 {hi!}  2.d4 {Hello, and welcome from 
Lancashire UK}  d5 3.Nc3 Nf6 4.Bg5 Be7 5.e5 Nfd7 
6.Bxe7 Qxe7 7.f4 a6 8.Nf3 c5 9.dxc5 Qxc5 10.Qd4 
Qxd4 11.Nxd4 Nc6 12.O-O-O Nb6 13.b3 Bd7 14.Be2 Ke7 
15.Nf3 Rhc8 16.Kb2 Rc7 17.Rd3 Rac8 18.Rhd1 Na7 
19.Nd4 Nc6 20.Nxc6+ R7xc6 21.Rh3 h6 22.Rd2 Na8 
23.Bd1 b5 24.Ne2 a5 25.Nd4 R6c5 26.b4 axb4 27.Kb3 
Nb6 28.Kxb4 R5c4+ 29.Kb3 b4 30.Be2 Ba4+ 31.Kb2 
R4c3 32.Bd3 Bd7 33.Nb5 Bxb5 34.Bxb5 Rxh3 35.gxh3 
Rc3 36.Rd4 Rxh3 37.Rxb4 Nc4+ 38.Bxc4 dxc4 39.Rxc4 
g5 40.a4 Rxh2 41.a5 Rd2 42.a6 Rd7 43.Kc3 Ra7 
44.Ra4 f6 45.Kd3 g4 46.Ke3 h5 47.Kf2 h4 48.Kg2 f5 
49.Ra1 Kd7 50.c4 Kc6 51.Rd1 Rxa6 52.Rd6+ Kb7 53.c5 
Ra2+ 54.Kg1 h3 55.Rxe6 g3 56.Kf1 
h2 0-1

[Event "HCL-B3670"]
[Site "www.playchess.de"]
[Date "2006.02.23"]
[Round "12"]
[White "wedi"]
[Black "Bense"]
[WhiteElo "1200"]
[BlackElo "904"]
[PlyCount "155"]
[Result "1-0"]

1.f4 d6 2.d4 Nd7 3.e4 f6 4.Nc3 e5 5.fxe5 dxe5 
6.Be3 Ne7 7.Nf3 Nc6 8.d5 Ne7 9.Bc4 f5 10.exf5 Nxf5 
11.Qd3 Nd6 12.O-O-O Qe7 13.Bg5 Nf6 14.Nxe5 Bf5 
15.Bb5+ c6 16.Nxc6 Bxd3 17.Nxe7+ Bxb5 18.Bxf6 gxf6 
19.Nxb5 Nxb5 20.a4 Nd6 21.Rde1 Bxe7 22.Re6 Rg8 
23.Rhe1 Nc8 24.d6 Nxd6 25.R6xe7+ Kf8 26.Rxh7 Re8 
27.Rf1 Ne4 28.Rxb7 Rxg2 29.h4 Rc8 30.c3 Rg4 31.h5 
Rh4 32.Rb4 Re8 33.Rxf6+ Kg7 34.Rg6+ Kf8 35.h6 Re7 
36.Rb8+ Kf7 37.Rg7+ Ke6 38.Rxe7+ Kxe7 39.h7 Rh1+ 
40.Kc2 Rh2+ 41.Kc1 Nc5 42.h8Q Rxh8 43.Rxh8 a6 
44.Ra8 Nxa4 45.Rxa6 Nc5 46.Ra7+ Ke6 47.b4 Nd3+ 
48.Kd2 Ne5 49.b5 Nc4+ 50.Kd3 Kd5 51.Rc7 Ne5+ 
52.Kc2 Kd6 53.Rc8 Nd7 54.Rh8 Kc5 55.Rh7 Nb6 
56.Rh5+ Kc4 57.Kd2 Na4 58.Kc2 Nc5 59.b6 Nb7 60.Rh6 
Kc5 61.Kd3 Kb5 62.c4+ Kc5 63.Kc3 Nd6 64.Rxd6 Kxd6 
65.Kb4 Kc6 66.c5 Kb7 67.Kb5 Kb8 68.Ka6 Ka8 69.b7+ 
Kb8 70.c6 Kc7 71.Ka7 Kxc6 72.b8Q Kd5 73.Qf4 Ke6 
74.Qg5 Kd6 75.Kb6 Kd7 76.Qe5 Kd8 77.Kc6 Kc8 
78.Qc7+ 1-0

[Event "HCL-C4187"]
[Site "www.playchess.de"]
[Date "2006.02.23"]
[Round "4"]
[White "gronico"]
[Black "donsimon"]
[WhiteElo "1192"]
[BlackElo "1102"]
[PlyCount "62"]
[Result "0-1"]

1.e4 e5 2.Bc4 Nf6 3.Nc3 b6 4.d3 Bb7 5.Bg5 Bc5 
6.Bd5 Nc6 7.Bxc6 Bxc6 8.Nf3 h6 9.Bh4 g5 10.Nxg5 
hxg5 11.Bxg5 Rg8 12.h4 Qe7 13.Qf3 Rg6 14.h5 Rxg5 
15.h6 O-O-O 16.O-O-O Rh8 17.Rh3 Rg6 18.Rdh1 Ng4 
19.h7 Nxf2 20.Qh5 Be3+ 21.Kb1 Nxh3 22.Qxh3 Bg5 
23.Ne2 Qc5 24.Ng3 Ba4 25.b3 Bd2 26.c4 Qa3 27.Kc2 
Qxa2+ 28.Kd1 Bxb3+ 29.Ke2 Bf4+ 30.Kf3 Qd2 31.Nf1 
Bd1+ 0-1

[Event "HCL-A2409"]
[Site "www.playchess.de"]
[Date "2006.02.23"]
[Round "4"]
[White "tiit145"]
[Black "icc17103"]
[WhiteElo "1599"]
[BlackElo "1588"]
[PlyCount "90"]
[Result "0-1"]

1.d4 {Hello!}  d5 {hi.}  2.a3 e6 3.Nf3 Nf6 4.e3 c5 
5.Nc3 Nc6 6.Bb5 Bd7 7.O-O Bd6 8.dxc5 Bxc5 9.Na4 
Bd6 10.Nc3 O-O 11.Bd2 Rc8 12.Kh1 Re8 13.Bxc6 Bxc6 
14.Ne2 a5 15.Bc3 Ne4 16.Be5 Bxe5 17.Nxe5 Qf6 
18.Nxc6 bxc6 19.Qd4 Qxd4 20.Nxd4 e5 21.Nf3 g5 
22.g4 Re6 23.h4 gxh4 24.Rfg1 Nxf2+ 25.Kg2 Nxg4 
26.Rae1 Kh8 27.c3 Rg8 28.Kh3 Nf2+ 29.Kh2 
{Hello!Happy Chritmas.Tiit}  Ng4+ {Happy 
Chritmas.}  30.Kh3 f5 31.Rg2 c5 32.Nxh4 Rh6 33.Rg3 
Rg5 34.Reg1 Rgh5 35.c4 R5xh4+ 36.Kg2 dxc4 37.Rc1 
R4h2+ 38.Kf1 Nxe3+ 39.Rxe3 R2h1+ 40.Kf2 Rxc1 
41.Rxe5 Rc2+ 42.Kf3 Rxb2 43.Rxc5 c3 44.Kf4 c2 
45.Kxf5 Rh5+ {nice playing with you.-)} 
 0-1